<?xml version="1.0" encoding="UTF-8"?>
<record
    xmlns:xsi="http://www.w3.org/2001/XMLSchema-instance"
    xsi:schemaLocation="http://www.loc.gov/MARC21/slim http://www.loc.gov/standards/marcxml/schema/MARC21slim.xsd"
    xmlns="http://www.loc.gov/MARC21/slim">

  <leader>00833nam a2200181 a 4500</leader>
  <controlfield tag="001">000025572</controlfield>
  <controlfield tag="005">20200930023903.0</controlfield>
  <controlfield tag="008">110216s1973    ck      r     000 | spa d</controlfield>
  <datafield tag="040" ind1=" " ind2=" ">
    <subfield code="a">DO-SdBNP</subfield>
    <subfield code="b">spa</subfield>
    <subfield code="c">BNPHU</subfield>
  </datafield>
  <datafield tag="082" ind1=" " ind2=" ">
    <subfield code="a">xxx</subfield>
    <subfield code="b">R382c</subfield>
  </datafield>
  <datafield tag="245" ind1="1" ind2="0">
    <subfield code="a">Relatos de ciencia ficci&#xF3;n : antolog&#xED;a.--.</subfield>
  </datafield>
  <datafield tag="260" ind1=" " ind2=" ">
    <subfield code="a">Bogot&#xE1; :</subfield>
    <subfield code="b">Instituto Colombiano de Cultura,</subfield>
    <subfield code="c">1973.</subfield>
  </datafield>
  <datafield tag="300" ind1=" " ind2=" ">
    <subfield code="a">151 p. ;</subfield>
    <subfield code="c">17 cm.</subfield>
  </datafield>
  <datafield tag="490" ind1="1" ind2=" ">
    <subfield code="a">Biblioteca colombiana de cultura . Popular</subfield>
    <subfield code="v">116</subfield>
  </datafield>
  <datafield tag="505" ind1=" " ind2=" ">
    <subfield code="a">El fin de la evoluci&#xF3;n /</subfield>
    <subfield code="a">Robert Arthur</subfield>
    <subfield code="a">Un h&#xFA;medo paseo /</subfield>
    <subfield code="a">D. Etchinson</subfield>
    <subfield code="a">Multivac /</subfield>
    <subfield code="a">Isaac Asimov</subfield>
    <subfield code="a">El mensajero del futuro /</subfield>
    <subfield code="a">Paul Anderson</subfield>
    <subfield code="a">Aflicciones del hombre humano /</subfield>
    <subfield code="a">Robert Scheckley</subfield>
    <subfield code="a">Las botas m&#xE1;gicas /</subfield>
    <subfield code="a">Viktor Saparin</subfield>
    <subfield code="a">La m&#xE1;quina CE, modelo NR-1 /</subfield>
    <subfield code="a">A. Dneprov.</subfield>
  </datafield>
  <datafield tag="830" ind1=" " ind2="0">
    <subfield code="a">Biblioteca colombiana de cultura,</subfield>
    <subfield code="p">Popular,</subfield>
    <subfield code="v">116</subfield>
    <subfield code="9">47976</subfield>
  </datafield>
  <datafield tag="049" ind1=" " ind2=" ">
    <subfield code="a">BNGR</subfield>
  </datafield>
  <datafield tag="952" ind1=" " ind2=" ">
    <subfield code="0">0</subfield>
    <subfield code="1">0</subfield>
    <subfield code="5">0</subfield>
    <subfield code="7">1</subfield>
    <subfield code="8">MO</subfield>
    <subfield code="a">GR</subfield>
    <subfield code="b">GR</subfield>
    <subfield code="c">CT</subfield>
    <subfield code="d">2011-02-17</subfield>
    <subfield code="i">LF1</subfield>
    <subfield code="l">0</subfield>
    <subfield code="o">xxx R382c</subfield>
    <subfield code="p">25572-10</subfield>
    <subfield code="r">2020-06-25</subfield>
    <subfield code="w">2020-06-25</subfield>
    <subfield code="y">1</subfield>
    <subfield code="Z">No se presta</subfield>
  </datafield>
  <datafield tag="999" ind1=" " ind2=" ">
    <subfield code="c">25064</subfield>
    <subfield code="d">25064</subfield>
  </datafield>
</record>
